ბათუმის შოთა რუსთაველის სახელმწიფო უნივერსიტეტის ბიბლიოთეკა

A course in ordinary differential equations / (ბიბ.ჩანაწერი № 50578)

000 -LEADER
fixed length control field 01557cam a2200361 a 4500
001 - CONTROL NUMBER
control field 14553050
005 - DATE AND TIME OF LATEST TRANSACTION
control field 20200207135250.0
008 - FIXED-LENGTH DATA ELEMENTS--GENERAL INFORMATION
fixed length control field 060915s2007 flua b 001 0 eng
010 ## - LIBRARY OF CONGRESS CONTROL NUMBER
LC control number 2006049297
020 ## - INTERNATIONAL STANDARD BOOK NUMBER
International Standard Book Number 1584884762 (alk. paper)
020 ## - INTERNATIONAL STANDARD BOOK NUMBER
International Standard Book Number 1420010417
020 ## - INTERNATIONAL STANDARD BOOK NUMBER
International Standard Book Number 9781584884767
035 ## - SYSTEM CONTROL NUMBER
System control number (OCoLC)ocm71552460
035 ## - SYSTEM CONTROL NUMBER
System control number (OCoLC)71552460
040 ## - CATALOGING SOURCE
Original cataloging agency DLC
Transcribing agency DLC
Modifying agency BAKER
-- C#P
-- YDXCP
-- DLC
050 00 - LIBRARY OF CONGRESS CALL NUMBER
Classification number QA372
Item number .S925 2007
080 ## - UNIVERSAL DECIMAL CLASSIFICATION NUMBER
Universal Decimal Classification number 517.9 S-97
100 1# - MAIN ENTRY--PERSONAL NAME
Personal name Swift, Randall J.
9 (RLIN) 6873
245 12 - TITLE STATEMENT
Title A course in ordinary differential equations /
Statement of responsibility, etc. Randall J. Swift, Stephen A. Wirkus.
260 ## - PUBLICATION, DISTRIBUTION, ETC.
Place of publication, distribution, etc. Boca Raton, FL :
Name of publisher, distributor, etc. Chapman & Hall/CRC,
Date of publication, distribution, etc. c2007.
300 ## - PHYSICAL DESCRIPTION
Extent 667 p. :
Other physical details ill. ;
Dimensions 25 cm.
504 ## - BIBLIOGRAPHY, ETC. NOTE
Bibliography, etc. note Includes bibliographical references (p. 655-657) and index.
650 #0 - SUBJECT ADDED ENTRY--TOPICAL TERM
Topical term or geographic name entry element Differential equations.
9 (RLIN) 6874
650 #0 - SUBJECT ADDED ENTRY--TOPICAL TERM
Topical term or geographic name entry element Differential equations, Linear.
9 (RLIN) 6875
653 ## - INDEX TERM--UNCONTROLLED
keyword მათემატიკა
653 ## - INDEX TERM--UNCONTROLLED
keyword დიფერენციალური განტოლება
700 1# - ADDED ENTRY--PERSONAL NAME
Personal name Wirkus, Stephen Allen,
Dates associated with a name 1971-
9 (RLIN) 6876
856 41 - ELECTRONIC LOCATION AND ACCESS
Materials specified Table of contents only
Uniform Resource Identifier http://www.loc.gov/catdir/toc/fy0708/2006049297.html
856 42 - ELECTRONIC LOCATION AND ACCESS
Materials specified Publisher description
Uniform Resource Identifier http://www.loc.gov/catdir/enhancements/fy0668/2006049297-d.html
906 ## - LOCAL DATA ELEMENT F, LDF (RLIN)
a 7
b cbc
c orignew
d 1
e ocip
f 20
g y-gencatlg
942 ## - ADDED ENTRY ELEMENTS (KOHA)
Source of classification or shelving scheme
Koha item type წიგნი
ეგზემპლარები
Withdrawn status Lost status Source of classification or shelving scheme Damaged status Not for loan Permanent Location Current Location Shelving location Date acquired Cost, normal purchase price Full call number Barcode Date last seen Copy number Price effective from Koha item type Public note
          ბათუმის შოთა რუსთაველის სახელმწიფო უნივერსიტეტის მთავარი ბიბლიოთეკა ბათუმის შოთა რუსთაველის სახელმწიფო უნივერსიტეტის მთავარი ბიბლიოთეკა წიგნსაცავი 2018-12-17 350.00 517.9 S-97 629 2018-12-17 629 2018-12-17 წიგნი 350 ლ.
          ბათუმის შოთა რუსთაველის სახელმწიფო უნივერსიტეტის მთავარი ბიბლიოთეკა ბათუმის შოთა რუსთაველის სახელმწიფო უნივერსიტეტის მთავარი ბიბლიოთეკა წიგნსაცავი 2018-12-17 350.00 517.9 S-97 630 2018-12-17 630 2018-12-17 წიგნი 350 ლ.